Loading...
Investment management /
| Hovedforfatter: | |
|---|---|
| Format: | Printed Book |
| Sprog: | English |
| Udgivet: |
Mumbai:
Himalaya Publishing House,
2000.
|
| Udgivelse: | 4th ed. |
| Fag: |
| LEADER | 00542 a2200145 4500 | ||
|---|---|---|---|
| 008 | 100208b ||||| |||| 00| 0 eng d | ||
| 082 | |a 332.6 | ||
| 100 | |a Avadhani, V. A. | ||
| 245 | |a Investment management / |c V A Avadhani | ||
| 250 | |a 4th ed. | ||
| 260 | |b Himalaya Publishing House, |a Mumbai: |c 2000. | ||
| 650 | |a Investments | ||
| 942 | |c BK | ||
| 999 | |c 317044 |d 317044 | ||
| 952 | |0 0 |1 0 |2 ddc |4 0 |6 332_600000000000000_AVA_I |7 0 |9 363151 |a ECN |b ECN |c GEN |d 2010-09-07 |e Cosmo Books, Thrissur |g 0.00 |i 7554 |l 5 |o 332.6 AVA/I |p ECN7554 |r 2021-09-09 |s 2021-02-23 |w 2010-09-07 |y BK | ||